书目信息 |
| 题名: |
20世纪七大思想家自述
|
|
| 作者: | 斯笛尔 编 ;田毅松 , 赵正国 译 | |
| 分册: | ||
| 出版信息: | 上海 上海人民出版社 2004 |
|
| 页数: | 415页 | |
| 开本: | 21cm | |
| 丛书名: | ||
| 单 册: | ||
| 中图分类: | B151 | |
| 科图分类: | ||
| 主题词: | 思想家--思想评论--世界--20世纪 , 思想评论 , 思想家 | |
| 电子资源: | ||
| ISBN: | 7-208-05049-X | |
| 000 | 00783nam0 2200253 450 | |
| 001 | 0900000006980 | |
| 005 | 20051014112609.51 | |
| 010 | @a7-208-05049-X@dCNY26.00 | |
| 100 | @a20040703d2004 ekmy0chiy0120 ea | |
| 101 | 1 | @achi@ceng |
| 102 | @aCN@b310000 | |
| 105 | @aa z 000yy | |
| 200 | 1 | @a20世纪七大思想家自述@920 shi ji qi da si xiang jia zi shu@f(美)大卫·斯笛尔编@F(mei)da wei·si di er bian@g田毅松,赵正国等译 |
| 210 | @a上海@c上海人民出版社@d2004 | |
| 215 | @a415页@c照片@d21cm | |
| 606 | 0 | @a思想家@x思想评论@y世界@z20世纪 |
| 606 | 0 | @a思想评论 |
| 606 | 0 | @a思想家 |
| 690 | @aB151@v4 | |
| 701 | 0 | @a斯笛尔@Asi di er@4编 |
| 702 | 0 | @a田毅松@9tian yi song@4译 |
| 702 | 0 | @a赵正国@9zhao zheng guo@4译 |
| 801 | 0 | @aCN@bTSSF@c20051014 |
| 905 | @a10447@dB151@e46 | |
| 20世纪七大思想家自述/(美)大卫·斯笛尔编/田毅松,赵正国等译.-上海:上海人民出版社,2004 |
| 415页:照片;21cm |
| ISBN 7-208-05049-X:CNY26.00 |
| ● |
| 相关链接 |
|
|
|
|
正题名:20世纪七大思想家自述
索取号:B151/46
 
预约/预借
| 序号 | 登录号 | 条形码 | 馆藏地/架位号 | 状态 | 备注 |
| 1 | 0366944 | 3669444 | 第一样本阅览室/ [索取号:B151/46] | 在馆 | |
| 2 | 0366945 | 3669453 | 第一借阅区/ [索取号:B151/46] | 在馆 | |
| 3 | 0366946 | 3669462 | 第一借阅区/ [索取号:B151/46] | 在馆 | |
| 4 | 0366947 | 3669471 | 第一借阅区/ [索取号:B151/46] | 在馆 | |
| 5 | 0366948 | 3669480 | 第一借阅区/ [索取号:B151/46] | 在馆 |